Tighter regulations (Record no. 82042)

MARC details
000 -LEADER
fixed length control field 00891cab a22002055a 4500
001 - CONTROL NUMBER
control field L149043
008 - FIXED-LENGTH DATA ELEMENTS--GENERAL INFORMATION
fixed length control field 091216e20091121xxka f g 000 0 eng d
035 ## - SYSTEM CONTROL NUMBER
System control number (Sirsi) u149043
041 0# - LANGUAGE CODE
Language code of text/sound track or separate title eng
100 1# - MAIN ENTRY--PERSONAL NAME
Personal name Starr, John
245 00 - TITLE STATEMENT
Title Tighter regulations
260 ## - PUBLICATION, DISTRIBUTION, ETC.
Date of publication, distribution, etc. 2009
490 ## - SERIES STATEMENT
Series statement Estates Gazette
Volume/sequential designation (0946) 21 November 2009, 136-137(2)
520 ## - SUMMARY, ETC.
Summary, etc. Reviews the changes that the recently published "Future of building control: an implementation plan" is introducing to allow the design and construction of more energy-efficient buildings. This plan brings changes to Part L, F and J of the Building Regulations 2000 in 2010, then Part H, A and C in 2013 and finally Part B and D in 2016. Article focuses on Parts L, F and J.
590 ## - LOCAL NOTE (RLIN)
Local note KA
650 24 - SUBJECT ADDED ENTRY--TOPICAL TERM
Topical term or geographic name entry element BUILDING REGULATIONS 2000
651 #4 - SUBJECT ADDED ENTRY--GEOGRAPHIC NAME
Geographic name United Kingdom
Chronological subdivision
690 ## - LOCAL SUBJECT ADDED ENTRY--TOPICAL TERM (OCLC, RLIN)
Topical term or geographic name as entry element BUILT ENVIRONMENT-BUILDING STANDARDS
942 ## - ADDED ENTRY ELEMENTS (KOHA)
Suppress in OPAC 0
Holdings
Withdrawn status Lost status Source of classification or shelving scheme Damaged status Not for loan Home library Current library Shelving location Date acquired Total Checkouts Full call number Barcode Date last seen Copy number Price effective from Koha item type
    Dewey Decimal Classification     London London Journal article 16/12/2009   L149043 149043-1001 06/08/2019 1 06/08/2019 Journal article